কমলপুরাণ / (Record no. 1397)
[ view plain ]
| 000 -LEADER | |
|---|---|
| fixed length control field | 00635nam a2200217 a 4500 |
| 001 - CONTROL NUMBER | |
| JCCL Control Number | 1397 |
| 003 - CONTROL NUMBER IDENTIFIER | |
| JCCL marc code | BD-JhCC |
| 005 - DATE AND TIME OF LATEST TRANSACTION | |
| control field | 20180922134015.0 |
| 008 - FIXED-LENGTH DATA ELEMENTS--GENERAL INFORMATION | |
| fixed length control field | 171018s1981 bg ||||| |||| 00| 0 ben d |
| 035 ## - SYSTEM CONTROL NUMBER | |
| system control number | (BD-JhCC)1397 |
| 040 ## - CATALOGING SOURCE | |
| Original cataloging agency | BD-JhCC |
| Modifying agency | BD-JhCC |
| 041 ## - LANGUAGE CODE | |
| Language code of Book | ben |
| 082 ## - DEWEY DECIMAL CLASSIFICATION NUMBER | |
| DDC Edition number | 22 |
| Classification number | 891.4409 |
| Author mark and Year | KAI 1981 |
| 100 ## - MAIN ENTRY--PERSONAL NAME | |
| Personal name | কায়সার, রফিক |
| 245 ## - TITLE STATEMENT | |
| Title | কমলপুরাণ / |
| Statement of responsibility, etc | রফিক কায়সার |
| 260 ## - PUBLICATION, DISTRIBUTION, ETC. (IMPRINT) | |
| Place of publication, distribution, etc | ঢাকা : |
| Name of publisher, distributor, etc | প্যাপিরাস প্রেস, |
| Date of publication, distribution, etc | ১৯৮১ |
| 300 ## - PHYSICAL DESCRIPTION | |
| Pagination | 113 p. : |
| Dimensions | 22cm. |
| 650 ## - SUBJECT ADDED ENTRY--TOPICAL TERM | |
| Topical term or geographic name as entry element | bengali literature |
| 942 ## - ADDED ENTRY ELEMENTS (KOHA) | |
| Source of classification or shelving scheme | Dewey Decimal Classification |
| Koha item type | Books |
| Koha issues (borrowed), all copies | 1 |
| Source of classification or shelving scheme | Damaged status | Not for loan | Home library | Current library | Shelving location | Date of accession | Cost, normal purchase price | Total Checkouts | Full call number | Barcode | Date last seen | Copy number | Koha item type | Date checked out |
|---|---|---|---|---|---|---|---|---|---|---|---|---|---|---|
| Dewey Decimal Classification | JCC Rouf Library | JCC Rouf Library | General Stacks | 10/25/2017 | 15.00 | 891.4409 KAI 1981 | 2463 | 10/18/2017 | C-1 | Books | ||||
| Dewey Decimal Classification | JCC Rouf Library | JCC Rouf Library | General Stacks | 10/31/2017 | 100.00 | 1 | 891.4409 KAI 1981 | 2945 | 09/22/2018 | C-2 | Books | 09/22/2018 |